000 00450nam a22001697a 4500
005 20180813130103.0
008 160628b xxu||||| |||| 00| 0 eng d
020 _a81-203-1197-3
041 _aeng
082 _b10534
_a658.3
100 _aCowling, Alan and Philip, James
_94785
245 _aThe Essence of personnel Management and industrial relation
260 _bPHI
_c2002
_adelhi
300 _a199p,
650 _aManagement
_9241
942 _cBK
999 _c4352
_d4351